Statistics for Biggest World Cities A-Z

Click here to take the quiz!

General Stats

  • This quiz has been taken 133,475 times
    (34,331 since last reset)
  • The average score is 16 of 26

Answer Stats

PopulationRegionCity% Correct
N21.8 mNorth AmericaNew York City
90%
B20.0 mEast AsiaBeijing
89%
P11.4 mEuropeParis
86%
T40.5 mEast AsiaTokyo
85%
C21.5 mAfricaCairo
84%
J32.1 mSoutheast AsiaJakarta
81%
R13.3 mSouth AmericaRio de Janeiro
80%
L20.1 mAfricaLagos
79%
S34.1 mEast AsiaShanghai
79%
D31.3 mSouth AsiaDelhi
75%
G47.6 mEast AsiaGuangzhou
72%
M26.3 mSoutheast AsiaManila
70%
I16.2 mNear EastIstanbul
66%
V2.90 mNorth AmericaVancouver
65%
W9.25 mEast AsiaWuhan
62%
O17.7 mEast AsiaOsaka
60%
H10.6 mSoutheast AsiaHo Chi Minh City
58%
E1.37 mNorth AmericaEdmonton
48%
K18.2 mSouth AsiaKarachi
48%
A8.75 mSouth AsiaAhmedabad
40%
X10.2 mEast AsiaXiamen
39%
Y5.75 mSoutheast AsiaYangon
34%
Q6.25 mEast AsiaQingdao
28%
U4.18 mEast AsiaUrumqi
28%
F4.10 mEast AsiaFuzhou
22%
Z5.10 mEast AsiaZhengzhou
20%

Score Distribution

Percentile by Number Answered

Percent of People with Each Score

Your Score History

You have not taken this quiz since the last reset